000 00538 a2200181 4500
020 _a9780521701389
020 _a0521004624
040 _aDLC
_bDLC
082 0 0 _a515.9
100 1 _aKwok, Y. K.
_9134063
245 1 0 _aApplied complex variables for scientists and engineers
_cYue Kuen Kwok.
250 _a2nd
260 _aCambridge ;
_aNew York :
_bCambridge University Press,
_c2002.
300 _axi, 392 p. :
_bill. ;
_c24 cm.
500 _aIncludes index.
650 0 _aFunctions of complex variables.
942 _cBK
_k515.9 KWO
_2ddc
999 _c10094
_d10094